Skrytý potenciál Bratislavy treba využiť. Realitná kancelária Point vstúpila na trh neskôr, ale s odvahou.

Činnosť realitnej kancelárie Point, s.r.o. založenej v r. 1992 v Bratislave (kúpa a predaj nehnuteľností, investičná, inžinierska a realizačná činnosť, byty). Spolupráca so zahraničnými kanceláriami a klientmi v útlme. Perspektívy hlavného mesta. Databáza kancelárie, úsilie o spoluprácu realitných k...

Ausführliche Beschreibung

Gespeichert in:
Bibliographische Detailangaben
1. Verfasser: Balaščák, J.
Format: Buchkapitel
Sprache:Slowakisch
Schlagworte:
Tags: Tag hinzufügen
Keine Tags, Fügen Sie das erste Tag hinzu!

MARC

LEADER 00000naa a2200000 4500
001 r013580
005 20221213123523.8
041 0 |a slo 
044 |a SK 
245 1 0 |a Skrytý potenciál Bratislavy treba využiť.  |b Realitná kancelária Point vstúpila na trh neskôr, ale s odvahou.  |c J. Balaščák 
520 |a Činnosť realitnej kancelárie Point, s.r.o. založenej v r. 1992 v Bratislave (kúpa a predaj nehnuteľností, investičná, inžinierska a realizačná činnosť, byty). Spolupráca so zahraničnými kanceláriami a klientmi v útlme. Perspektívy hlavného mesta. Databáza kancelárie, úsilie o spoluprácu realitných kancelárií v záujme klienta. 
610 2 0 |a kancelárie realitné 
610 2 0 |a Slovensko 
610 2 0 |a Point, s.r.o. Bratislava 
100 1 |a Balaščák, J.